000 00569nam a2200181Ia 4500
008 151018s9999 xx 000 0 und d
082 _bRBASDV22844
_a891.463
100 _aमुक्ता केणेकर
245 _aबबन छ्बन
250 _b1
260 _bअश्वमेध प्रकाशन पुणे
_c1990
300 _a107
600 _aमुक्ता केणेकर
630 _aबबन छ्बन
700 _aमुक्ता केणेकर
730 _aबबन छ्बन
942 _cBOOK
999 _c1022510
_d1022507